Secure systems development with UML

Αποθηκεύτηκε σε:
Λεπτομέρειες βιβλιογραφικής εγγραφής
Κύριος συγγραφέας: Juerjens, Jan
Μορφή: Βιβλίο
Γλώσσα:English
Δημοσίευση: Berlin ; London : Springer, 2005
Θέματα:
Ετικέτες: Προσθήκη ετικέτας
Δεν υπάρχουν, Καταχωρήστε ετικέτα πρώτοι!

MARC

LEADER 00000nam a2200000 i 4500
001 1/71462
008 080121s2005 eng d
020 |a 3-540-00701-6 
035 |l 10093908 
040 |a GR-MY-UA  |b gre  |e aacr 
041 0 |a eng 
082 0 |a 005.117  |2 (22) 
100 1 |a Juerjens, Jan. 
245 1 0 |a Secure systems development with UML /  |c Jan Juerjens 
260 |a Berlin ; London :   |b Springer,   |c 2005 
300 |a xix, 309 σ.;  |b εικ.;  |c 25 εκ. 
650 0 0 |a UML (Computer science) 
650 0 0 |a Computer security. 
852 |a INST  |b SAMOS  |e 20080121  |h 005.117 JUR  |p 005300027309  |q 005300027309  |t BK  |y 0 
901 |a BIBL3-2008-1 
909 |a Σ  |b 143552 
922 |a 3ΕΛΗ  |b 200712  |c ΕΠΕΑΕΚ2/ΤΜΠΕΣ  |d ΕΛΕΥΘΕΡΟΥΔΑΚΗΣ 
970 |a ΡΟΥΣΣΟΥ  |b ΚΩΝΣΤΑΝΤΙΝΑ  |z 2008/01/21